000 00378nam a2200181Ia 4500
100 _aLouis/Maria M
650 _aELECTRONICS
250 _a5
942 _cBK
366 _f25
654 _aelectrical engineering
245 _aElements of electrical engineering
260 _bprentice hall
_c2014
082 _bLOU
300 _a973
546 _aENGLISH
999 _c33851
_d33851